All Premier-League Teams - Statistics

General Stats
  • This quiz has been taken 24 times
    20 since last reset
  • The average score is 37 of 51
Answer Stats
Team % Correct
Arsenal
87%
Brighton & Hove Albion
87%
Chelsea
87%
Crystal Palace
87%
Everton
87%
Leeds United
87%
Liverpool
87%
Manchester City
87%
Manchester United
87%
Nottingham Forest
87%
Tottenham Hotspur
87%
Aston Villa
80%
Blackburn Rovers
80%
Bournemouth
80%
Burnley
80%
Coventry City
80%
Fulham
80%
Leicester City
80%
Newcastle United
80%
Sheffield Wednesday
80%
Southampton
80%
Sunderland
80%
Swansea City
80%
Watford
80%
West Ham United
80%
Wolverhampton Wanderers
80%
Birmingham City
73%
Bolton Wanderers
73%
Cardiff City
73%
Hull City
73%
Ipswich Town
73%
Norwich CIty
73%
Portsmouth
73%
Sheffield United
73%
Brentford
67%
Charlton Athletic
67%
Huddersfield Town
67%
Queens Park Rangers
67%
Stoke City
67%
West Bromwich Albion
67%
Blackpool
60%
Luton Town
60%
Middlesbrough
60%
Oldham Athletic
60%
Reading
60%
Wigan Athletic
60%
Derby County
53%
Swindon Town
53%
Wimbledon
53%
Barnsley
47%
Bradford City
40%
No matching quizzes found
Score Distribution
Percent of People with Each Score
Percentile by Number Answered
Your Score History
You have not taken this quiz since the last reset